00654nam a2200169 i 4500001000700000003000900007005001700016008004100033080002600074245011400100260006600214300004000280530003500320600003400355852003500389856006000424153379ES-MaACL20230906205212.0970612s1850 sp f |||| |bspa d a929 Arrazola, Lorenzo00aHistoria científica, política y ministerial del Excmo. Señor D. Lorenzo Arrazola / cescrita por D.L.C. aMadrid : b[s.n.], c1850 (fImp. de José María Ducazcal) a272 p., [1] h. de lám. ; c24 cm. aDisponible en formato digital.14aArrazola, Lorenzo,d1795-1873 aES-MaACLjB-299 z- Enc. hol. uhttp://hdl.handle.net/10357/692 zMemoria Digital Vasca